Bd Chaurasias Human Anatomy: Head & Neck (Record no. 20905)

MARC details
000 -LEADER
fixed length control field 00377nam a22001577a 4500
003 - CONTROL NUMBER IDENTIFIER
control field SGT
020 ## - INTERNATIONAL STANDARD BOOK NUMBER
International Standard Book Number 9789388902755
082 ## - DEWEY DECIMAL CLASSIFICATION NUMBER
Classification number 611
Item number H19C
100 ## - MAIN ENTRY--PERSONAL NAME
Personal name Bd Chaurasia
245 ## - TITLE STATEMENT
Title Bd Chaurasias Human Anatomy: Head & Neck
250 ## - EDITION STATEMENT
Edition statement 8TH
260 ## - PUBLICATION, DISTRIBUTION, ETC. (IMPRINT)
Place of publication, distribution, etc NEW DELHI
Name of publisher, distributor, etc Cbs Publishers & Distributors
Year of Publication 2019
300 ## - PAGE DESCRIPTION
No. of Pages 640
650 ## - SUBJECT ADDED ENTRY--TOPICAL TERM
Topical term or geographic name as entry element Human Anatomy
942 ## - ADDED ENTRY ELEMENTS (KOHA)
Source of classification or shelving scheme Dewey Decimal Classification
Koha item type Books
942 ## - ADDED ENTRY ELEMENTS (KOHA)
-- 178
Holdings
Withdrawn status Lost status Source of classification or shelving scheme Damaged status Not for loan Home library Current library Shelving location Date acquired Vendor Name Cost, normal purchase price Volume Information (Serial or Books or Non-Book Material) SGTU Bill Number Total Checkouts Full call number Accession No. (Barcode) Date last seen Date last borrowed Bill Date Koha item type
    Dewey Decimal Classification     SGT Dental Library SGT Dental Library Text Book 05/03/2021 AHUJA BOOK COMPANY 840.00 3 SGTU 12616 26 611 H19C FD8282 08/01/2025 19/12/2024 27/01/2021 Books
    Dewey Decimal Classification     SGT Dental Library SGT Dental Library Text Book 05/03/2021 AHUJA BOOK COMPANY 840.00 3 SGTU 12616 38 611 H19C FD8283 03/04/2026 03/04/2026 27/01/2021 Books
    Dewey Decimal Classification     SGT Dental Library SGT Dental Library Text Book 05/03/2021 AHUJA BOOK COMPANY 840.00 3 SGTU 12616 42 611 H19C FD8284 22/04/2026 22/04/2026 27/01/2021 Books
    Dewey Decimal Classification     SGT Dental Library SGT Dental Library Text Book 05/03/2021 AHUJA BOOK COMPANY 840.00 3 SGTU 12616 47 611 H19C FD8285 08/04/2026 08/04/2026 27/01/2021 Books
    Dewey Decimal Classification     SGT Dental Library SGT Dental Library Text Book 05/03/2021 AHUJA BOOK COMPANY 840.00 3 SGTU 12616 34 611 H19C FD8286 31/01/2026 24/01/2026 27/01/2021 Books
    Dewey Decimal Classification     SGT Dental Library SGT Dental Library Text Book 05/03/2021 AHUJA BOOK COMPANY 840.00 3 SGTU 12616 38 611 H19C FD8287 30/01/2026 15/01/2026 27/01/2021 Books